al-Dharīʻah ilá taṣānīf al-Shīʻah, (Record no. 48192)

MARC details
000 -LEADER
fixed length control field 00850cam a2200217 a 4500
001 - CONTROL NUMBER
control field ne 65001235
003 - CONTROL NUMBER IDENTIFIER
control field DLC
005 - DATE AND TIME OF LATEST TRANSACTION
control field 20260227111814.0
008 - FIXED-LENGTH DATA ELEMENTS--GENERAL INFORMATION
fixed length control field 980116m19369999iq b 001 0 arar
010 ## - LIBRARY OF CONGRESS CONTROL NUMBER
LC control number ne 65001235
040 ## - CATALOGING SOURCE
Original cataloging agency DLC
Transcribing agency DLC
Modifying agency DLC
050 00 - LIBRARY OF CONGRESS CALL NUMBER
Classification number Z7835.M6
Item number A38 1935
Classification number BP193.3
100 2# - MAIN ENTRY--PERSONAL NAME
Personal name Āghā Buzurg al-Ṭihrānī, Muḥammad Muḥsin,
Dates associated with a name 1875-1970.
245 13 - TITLE STATEMENT
Title al-Dharīʻah ilá taṣānīf al-Shīʻah,
Statement of responsibility, etc. taʼlīf Muḥammad al-shahīr bi-al-Shaykh Āghā Buzurg al-Ṭihrānī.
260 ## - PUBLICATION, DISTRIBUTION, ETC.
Place of publication, distribution, etc. al-Najaf,
Name of publisher, distributor, etc. Maṭbaʻat al-Gharrī,
Date of publication, distribution, etc. 1936-<1986 >
300 ## - PHYSICAL DESCRIPTION
Extent v. <1-7, 9 pt. 1-8, 11-19, 21-22, 24, 26 > ;
Dimensions 25 cm.
500 ## - GENERAL NOTE
General note Added t.p.: v. 9, pt. 3: Bibliography of Shiʼite's literary works.
500 ## - GENERAL NOTE
General note Includes indexes.
650 #0 - SUBJECT ADDED ENTRY--TOPICAL TERM
Topical term or geographic name entry element Shīʻah
General subdivision Bibliography.
740 0# - ADDED ENTRY--UNCONTROLLED RELATED/ANALYTICAL TITLE
Uncontrolled related/analytical title Bibliography of Shiʼite's literary works.

No items available.

Powered by Koha